000 00288nam a22001337a 4500
008 170204b xxu||||| |||| 00| 0 eng d
020 _a978-99956-19-30-5
041 _aeng
080 _23RD
_a61
100 _a3
101 _aSHM
245 _aEPIDEMIOLOGJIA
_cGORDIS, L
942 _2udc
_cBK
999 _c4637
_d4637